Регионална библиотека "Любен Каравелов" - Русе

Методы и принципы географии (Запис номер 390470)

MARC детайли
000 -Лидер
Контролно поле с фиксирана дължина nam a22 a 4500
003 - Код на организацията, давaща контролен номер
Контролно поле BLK
005 - Дата и час на последна редакция
Контролно поле 20201022122625.0
008 - Елементи от данни с фиксирана дължина
fixed length control field 201022b bu ||||| |||| 00| 0 bu d
040 ## - Източник на каталожния запис
Идентификатор на билиотеката - собственик на записа BLK
041 ## - Код за език
Код за езика на текст/звукозапис или на отделно заглавие Руски
Код за езика КДБФ Руски
080 ## - УДК
Текстов определител УДК География
УДК код - определител по УДК 91
УДК - код + определител 91
100 ## - Редна дума - Автор
R(LIN) 1299
Автор Петри, Э. Ю.
Авторска отговорност първи автор
245 ## - Сведения за заглавието
Заглавие Методы и принципы географии
Подзаглавни данни Руководство по методике географии
Редно поле (дума) Э. Ю. Петри
260 ## - Област на издателските данни
9 (RLIN) 435466
Място на издаване, разпространение и проч. Санкт-Петербург
Име на издателя, разпространителя и проч. картогр. заведение Ильина
Година на издаване 1892
300 ## - Физическа характеристика
Страници VІІ, 315 с.
Размери/Мащаб 23 см
380 ## - Жанр
Жанр География
490 ## - СЕРИИ (Колекции)
9 (RLIN) 435080
Име на серия Колекция Редки и ценни издания
650 #7 - Допълнително описание по предмет – тема
9 (RLIN) 151794
Основно описание – тема или топоним География
852 ## - Местоположение
Форматна сигнатура Рр 892
Фондова буква Редки и ценни
999 ## - СИСТЕМНИ КОНТРОЛНИ НОМЕРА
Koha biblionumber 390470
Koha biblioitemnumber 390470
942 ## - АРТИКУЛИ
Вид на библиотечния материал Книги
Скрит в OPAC Не
Периодичен библиозапис Да
944 ## - СЪЗДАВАНЕ И РЕДАКЦИЯ на ЗАПИСА
Създаване/Редакция Създаване
Дата на регистрацията/редакция 2020-10-22
Служител, извършил регистрацията/редакцията ВЙ
Наличности
Код за отписване Код за изгубен артикул Източник на класификационната схема Код за повреда Коз за рестрикции Код за отдаване Артикулен № Име на библиотеката - собственик Име на библиотеката, в която се намира в момента Статус (Текущо местоположение) Дата на вписване в системата Местоположение - отдел Цена в лева Инвентарен номер Систематично азбучна сигнатура Баркод Цена в евро Служебен тип на артикула
  Не е изгубен Universal Decimal Classification Не е повреден само за читалня Специални фондове ( старопечатни, редки и ценни, фонд М. Арнаудов) 803876 Регионална библиотека "Любен Каравелов" Русе Регионална библиотека "Любен Каравелов" Русе Редки и ценни 2020-10-26 Редки и ценни 0.63 9323/58 Рр 892 900000036812 0.32 Книги
Vip Innovations Ltd, Rousse, Bulgaria 2025